000 00526nam a2200169 i 4500
001 64159
003 ES-MaACL
005 20230906165046.0
007 t|
008 031222s1911 fr ||||1| fre d
100 1 _aFleming, M. A.
_951174
245 1 4 _aLes chaimes d'or
_b: roman /
_cM.A. Fleming ; traduit de l'anglais par Yorick Bernard-Derosne.
260 _a[S.l. :
_bs.n.,
_c1911] (
_eCoulommiers :
_fP. Brodard)
300 _a306 p. ;
_c19 cm.
700 1 _aBernard-Derosne, Yorick.
_928264
852 _aES-MaACL
_jF-4946
999 _c64159
_d64159